00914nam a2200253 a 450000100060000000300080000600500170001400800410003102000150007203500190008704000270010604100080013308200260014110000330016724501110020026000320031130000350034365000360037865000360041470000490045094200120049999900170051195201320052862518BD-RjUL20211209081108.0170124s1977 moua 000 0 eng  a0801610273 a(BD-RjUL)62644 aDLCcDLCdBD-RjULbeng aeng00a796.81223bCOC 19771 aConroy, Mary,d1941-918585910aCommon sense self-defense :ba practical manual for students and teachers /cMary Conroy, Edward R. Ritvo. aSt. Louis :bMosby,cc1977. axiii, 146 p. :bill. ;c24 cm. 0aSelf-defense for women.9185860 1aSelf-defense for women.91858601 aRitvo, Edward,d1930-ejoint author.9185861 2ddccBK c62518d62518 00102ddc40718NFICaRUCLbRUCLcReadingd2009-01-15eR.U.C.L.l0o796.81 COC 1977r2017-01-24 00:00:00tC-1w2017-01-24yBK